000 00468nam a2200133Ia 4500
003 GCL
008 140319s9999 xx 000 0 ara d
040 _aGCL /
_cGCL
082 0 4 _a301.36
_bم ن
100 1 _aالمعهد العربى لانماء المدن
245 1 0 _aالنمو العمرانى الحضرى فى المدينة العربية المشاكل والحلول /
_cالمعهد العربى لانماء المدن
300 _aمتعدد
490 _a
999 _c37807
_d37807